Phantoms of Chittagong: (Record no. 212083)

MARC details
000 -LEADER
fixed length control field 00569nam a22001937a 4500
005 - DATE AND TIME OF LATEST TRANSACTION
control field 20250704122529.0
010 ## - LCCN (DPL NO)
LC control number ENG-145645
020 ## - INTERNATIONAL STANDARD BOOK NUMBER
Terms of availability 495.00
International Standard Book Number 9789389934977
035 ## - SYSTEM CONTROL NUMBER
System control number EN-129177
037 ## - SOURCE OF ACQUISITION
Source of stock number/acquisition DBAD
082 ## - DEWEY DECIMAL CLASSIFICATION NUMBER
Classification number 954.65
100 ## - MAIN ENTRY--PERSONAL NAME
Personal name Uban, S. S.
245 ## - TITLE STATEMENT
Title Phantoms of Chittagong:
Statement of responsibility, etc Ed. Sandip Das
Remainder of title The "Fifth Army in Bangladesh/
250 ## - EDITION STATEMENT
Edition statement 1
260 ## - PUBLICATION, DISTRIBUTION, ETC. (IMPRINT)
Name of publisher, distributor, etc Allied Publishers Private Limited
Date of publication, distribution, etc 2024
Place of publication, distribution, etc Noda
270 ## - ADDRESS
City Noida
Address D-5, Sector-2, Noida
Postal code 201301
300 ## - PHYSICAL DESCRIPTION
Extent 156 p.
Dimensions 23 cm(hb)
942 ## - ADDED ENTRY ELEMENTS (KOHA)
Source of classification or shelving scheme Dewey Decimal Classification
Item type English Books
Classification part 954.65
Call number suffix UBA
Holdings
Withdrawn status Lost status Not for loan Collection code Home library Current library Date acquired Source of acquisition Cost, normal purchase price Full call number Barcode Copy number Cost, replacement price Koha item type
    Not For Loan Non-fiction D.B.Act.Division D.B.Act.Division 04/07/2025 DBAD 495.00 954.65 UBA EN-129177 1 495.00 English Books

© Delhi Public Library
Hit Counter
free hit counter